000 00692nam a2200241Ia 4500
003 OSt
005 20220918202516.0
006 a|||||r|||| 00| 0
007 ta
008 220917b |||||||| |||| 00| 0 eng d
024 _a101,789
037 _cTextual
040 _aARTS
_cARTS
_beng
041 _2eng
_aeng
082 _aV2,4.N7, L4
100 _aKashyap Subhash C.
_937998
245 0 _aPolitics of power
_b Defections and state politics in India rev and ed by Savita Kashyap
260 _aDelhi
_bNational India
_c1974
300 _axx, 709p.
_ccm.
650 _aHISTORY
942 _hV2,4.N7, L4
_cTEXL
_2CC
999 _c225249
_d225249